| 000 | 01679nam0a2200313 4500 | ||
|---|---|---|---|
| 001 | RU\NLR\bibl\1739943 | ||
| 005 | 20260407123129.0 | ||
| 010 |
_a978-5-94991-159-4 _960 |
||
| 021 |
_aRU _b2011-5837 _9401 |
||
| 035 | _a(NLR Aleph) 001730864 | ||
| 090 |
_a1398670 _c1398670 |
||
| 100 | _a20110224d2010 |||y0rusy50 ca | ||
| 101 | 0 | _arus | |
| 102 | _aRU | ||
| 105 | _aa ||||||||| | ||
| 200 | 1 |
_aОрганизация процесса трудовой адаптации осужденных в исправительных учреждениях _eметодические рекомендации _fФедер. служба исполнения наказаний, Вологод. ин-т права и экономики _g[П.В. Голодов и др.] |
|
| 210 |
_aВологда _cРедакционно-издательский отдел Вологодского института права и экономики ФСИН России _d2010 |
||
| 215 |
_a51 с. _cсхем. _d21 |
||
| 320 | _aБиблиогр. в подстроч. примеч. | ||
| 606 | 1 |
_aОсужденные _jМетодические пособия _xТруд _xОрганизация _yРоссийская Федерация _92334518 _3RU\NLR\auth\661395816 |
|
| 686 | _aХ628.413я7 | ||
| 702 | 1 |
_aГолодов _bП. В. _gПавел Васильевич _4220 |
|
| 712 | 0 | 1 |
_4570 _aРоссийская Федерация _bФедеральная служба исполнения наказаний _3RU\NLR\AUTH\8810072343 _9646706 |
| 801 | 0 |
_aRU _bNLR _c20110224 _gRCR |
|
| 801 | 1 |
_aRU _bNLR _c20110224 |
|
| 942 | _cBOOK | ||
| 980 | _aNB | ||
| 980 | _aNBR | ||